Reflections on life and the law (Record no. 140122)

MARC details
000 -LEADER
fixed length control field 00782nam a2200253 i 4500
001 - CONTROL NUMBER
control field C2-0343246
003 - CONTROL NUMBER IDENTIFIER
control field PPAK
005 - DATE AND TIME OF LATEST TRANSACTION
control field 20180728144450.0
008 - FIXED-LENGTH DATA ELEMENTS--GENERAL INFORMATION
fixed length control field 170911s2017 my a|||| ||||| | eng d
020 ## - INTERNATIONAL STANDARD BOOK NUMBER
International Standard Book Number 9789674610173
040 ## - CATALOGING SOURCE
Original cataloging agency PPAK
Language of cataloging eng
Transcribing agency PPAK
Description conventions rda
082 04 - DEWEY DECIMAL CLASSIFICATION NUMBER
Classification number 340.112
Edition number 23
090 00 - LOCALLY ASSIGNED LC-TYPE CALL NUMBER (OCLC); LOCAL CALL NUMBER (RLIN)
Classification number (OCLC) (R) ; Classification number, CALL (RLIN) (NR) 340.112
Feature heading SHA
Feature heading R
100 0# - MAIN ENTRY--PERSONAL NAME
Personal name Shad Saleem Faruqi,
Relator term author
245 10 - TITLE STATEMENT
Title Reflections on life and the law
264 #1 - PRODUCTION, PUBLICATION, DISTRIBUTION, MANUFACTURE, AND COPYRIGHT NOTICE
Place of production, publication, distribution, manufacture Pulau Pinang :
Name of producer, publisher, distributor, manufacturer Penerbit Universiti Sains Malaysia ,
Date of production, publication, distribution, manufacture, or copyright notice 2017
300 ## - PHYSICAL DESCRIPTION
Extent xxii, 477 pages :
Other physical details illustrations ;
Dimensions 24 cm
336 ## - CONTENT TYPE
Source rdacontent
Content type term text
337 ## - MEDIA TYPE
Source rdamedia
Media type term unmediated
338 ## - CARRIER TYPE
Source rdacarrier
Carrier type term volume
500 ## - GENERAL NOTE
General note Includes indexes
650 10 - SUBJECT ADDED ENTRY--TOPICAL TERM
Topical term or geographic name entry element Law - Philosophy. ; Constitutional law - Malaysia. ; Law and ethnics.
942 ## - ADDED ENTRY ELEMENTS (KOHA)
-- dc
Koha item type Book
Holdings
Withdrawn Not for loan Current library Shelving location Date acquired Full call number Barcode Date last seen Koha item type
  Not For Loan Perpustakaan Alor Setar Rujukan Dewasa 19/09/2017 R 340.112 SHA A01536009 09/05/2018 Book
  Not For Loan Perpustakaan Awam Sungai Petani Rujukan Dewasa 19/09/2017 R 340.112 SHA A01536010 09/05/2018 Book
  Not For Loan Perpustakaan Baling Rujukan Dewasa 19/09/2017 R 340.112 SHA A01536013 09/05/2018 Book
  Not For Loan Perpustakaan Bandar Baharu Rujukan Dewasa 19/09/2017 R 340.112 SHA A01536016 09/05/2018 Book
  Not For Loan Perpustakaan Jitra Rujukan Dewasa 19/09/2017 R 340.112 SHA A01536011 09/05/2018 Book
  Not For Loan Perpustakaan Kulim Rujukan Dewasa 19/09/2017 R 340.112 SHA A01536012 09/05/2018 Book
  Not For Loan Perpustakaan Langkawi Rujukan Dewasa 19/09/2017 R 340.112 SHA A01536014 09/05/2018 Book
  Not For Loan Perpustakaan Merbok Rujukan Dewasa 19/09/2017 R 340.112 SHA A01536015 09/05/2018 Book
  Not For Loan Perpustakaan Sik Rujukan Dewasa 19/09/2017 R 340.112 SHA A01536017 09/05/2018 Book